Zpracovatelský průmysl

Vývoj spracovateľského priemyslu krajín OECD v r. 1994 naznačuje, že postupne dochádza k oživeniu v tomto odvetví. Strojárstvo, obrábacie stroje, automobilový priemysel, elektrotechnika, elektronika, zbrojný priemysel, stavebníctvo, chemický priemysel, textilný a odevný priemysel, priemysel celulózy...

Descrizione completa

Salvato in:
Dettagli Bibliografici
Natura: Capitolo di libro
Lingua:ceco
Soggetti:
Tags: Aggiungi Tag
Nessun Tag, puoi essere il primo ad aggiungerne!!

MARC

LEADER 00000naa a2200000 4500
001 r023822
005 20221205090506.4
041 0 |a cze 
044 |a CZ 
245 1 0 |a Zpracovatelský průmysl 
520 |a Vývoj spracovateľského priemyslu krajín OECD v r. 1994 naznačuje, že postupne dochádza k oživeniu v tomto odvetví. Strojárstvo, obrábacie stroje, automobilový priemysel, elektrotechnika, elektronika, zbrojný priemysel, stavebníctvo, chemický priemysel, textilný a odevný priemysel, priemysel celulózy a papiera a potravinársky priemysel v USA, V. Británii, Japonsku a západnej Európe. 
610 2 0 |a výroba priemyselná 
610 2 0 |a priemysel spracovateľský 
610 2 0 |a oživenie 
610 2 0 |a 1994 
610 2 0 |a USA 
610 2 0 |a Veľká Británia 
610 2 0 |a Japonsko 
610 2 0 |a západná Európa 
610 2 0 |a priemysel strojársky 
610 2 0 |a stroje obrábacie 
610 2 0 |a priemysel automobilový 
610 2 0 |a elektrotechnika 
610 2 0 |a elektronika 
610 2 0 |a priemysel zbrojársky 
610 2 0 |a stavebníctvo 
610 2 0 |a priemysel chemický 
610 2 0 |a priemysel textilný 
610 2 0 |a priemysel papiernický 
610 2 0 |a priemysel drevársky 
610 2 0 |a potravinárstvo